<?xml version="1.0" encoding="UTF-8"?>
<record
    xmlns:xsi="http://www.w3.org/2001/XMLSchema-instance"
    xsi:schemaLocation="http://www.loc.gov/MARC21/slim http://www.loc.gov/standards/marcxml/schema/MARC21slim.xsd"
    xmlns="http://www.loc.gov/MARC21/slim">

  <leader>01576nam a2200289 i 4500</leader>
  <controlfield tag="003">DO-SdBNP</controlfield>
  <controlfield tag="005">20251120073733.0</controlfield>
  <controlfield tag="006">a||||gr|||| 00| 0 </controlfield>
  <controlfield tag="007">ta</controlfield>
  <controlfield tag="008">230731e2008    dr ad||| |||| 00| 0 spa d</controlfield>
  <datafield tag="020" ind1=" " ind2=" ">
    <subfield code="a">9789945415223</subfield>
  </datafield>
  <datafield tag="040" ind1=" " ind2=" ">
    <subfield code="a">DO-SdBNP</subfield>
    <subfield code="b">spa</subfield>
    <subfield code="c">BNPHU</subfield>
    <subfield code="e">rda</subfield>
  </datafield>
  <datafield tag="082" ind1=" " ind2="4">
    <subfield code="2">22</subfield>
    <subfield code="b">G216g</subfield>
  </datafield>
  <datafield tag="245" ind1="1" ind2="0">
    <subfield code="a">Gu&#xED;a did&#xE1;ctica del libro constituci&#xF3;n, democracia y ciudadan&#xED;a". /</subfield>
    <subfield code="c">Gladis Graciela Garc&#xED;a Romero</subfield>
  </datafield>
  <datafield tag="246" ind1="1" ind2=" ">
    <subfield code="a">Gu&#xED;a did&#xE1;ctica del texto: </subfield>
    <subfield code="b">"constituci&#xF3;n, democracia y ciudadan&#xED;a"</subfield>
  </datafield>
  <datafield tag="264" ind1=" " ind2="1">
    <subfield code="a">Santo Domingo :</subfield>
    <subfield code="b">Banco Popular Dominicano,</subfield>
    <subfield code="c">2008</subfield>
  </datafield>
  <datafield tag="300" ind1=" " ind2=" ">
    <subfield code="a">169 p&#xE1;ginas :</subfield>
    <subfield code="b">Ilustraciones, gr&#xE1;ficas ;</subfield>
    <subfield code="c">25 cm.</subfield>
  </datafield>
  <datafield tag="336" ind1=" " ind2=" ">
    <subfield code="2">rdaconent</subfield>
    <subfield code="a">texto</subfield>
    <subfield code="b">txt</subfield>
  </datafield>
  <datafield tag="337" ind1=" " ind2=" ">
    <subfield code="2">rdamedia</subfield>
    <subfield code="a">sin medici&#xF3;n</subfield>
    <subfield code="b">nc</subfield>
  </datafield>
  <datafield tag="338" ind1=" " ind2=" ">
    <subfield code="2">rdacarrier</subfield>
    <subfield code="a">volumen</subfield>
    <subfield code="b">nc</subfield>
  </datafield>
  <datafield tag="505" ind1=" " ind2=" ">
    <subfield code="a">Introducci&#xF3;n.</subfield>
    <subfield code="g">Unidad I.</subfield>
    <subfield code="t">Concepto de Constituci&#xF3;n. Origen</subfield>
    <subfield code="g">Unidad II.</subfield>
    <subfield code="t">La Constituci&#xF3;n: Instrumento de Organizaci&#xF3;n del Estado.--</subfield>
    <subfield code="g">Unidad III.</subfield>
    <subfield code="t">El Poder y El Estado.--</subfield>
    <subfield code="g">Unidad IV.</subfield>
    <subfield code="t">La Reforma de la Constituci&#xF3;n.--</subfield>
    <subfield code="g">Unidad V.</subfield>
    <subfield code="t">Derechos y Deberes Fundamentales de las Personas.--</subfield>
  </datafield>
  <datafield tag="505" ind1=" " ind2=" ">
    <subfield code="a">Unidad VI.</subfield>
    <subfield code="t">Naci&#xF3;n, Estado y Constituci&#xF3;n.--</subfield>
    <subfield code="g">Unidad VII.</subfield>
    <subfield code="t">El Gobierno.--</subfield>
    <subfield code="g">Unidad VIII.</subfield>
    <subfield code="t">El Sistema Pol&#xED;tico y el Estado.--</subfield>
    <subfield code="g">Unidad IX. </subfield>
    <subfield code="t">Partidos Pol&#xED;ticos, Estado y Constituci&#xF3;n.--</subfield>
    <subfield code="g">Unidad X.</subfield>
    <subfield code="t">Las Organizaciones y los Movimientos Sociales.--</subfield>
    <subfield code="g">Unidad XI.</subfield>
    <subfield code="t">La Ciudadan&#xED;a y los Valores Democr&#xE1;tico.</subfield>
  </datafield>
  <datafield tag="590" ind1=" " ind2=" ">
    <subfield code="a">Inventariado 2023 / MF</subfield>
  </datafield>
  <datafield tag="710" ind1=" " ind2="2">
    <subfield code="a">Consorcio de Educaci&#xF3;n C&#xED;vica</subfield>
    <subfield code="9">56430</subfield>
  </datafield>
  <datafield tag="710" ind1="2" ind2="2">
    <subfield code="a">Pontificia  Universidad Cat&#xF3;lica Madre y Maestra </subfield>
    <subfield code="9">843</subfield>
  </datafield>
  <datafield tag="942" ind1=" " ind2=" ">
    <subfield code="2">ddc</subfield>
    <subfield code="c">LBS1</subfield>
  </datafield>
  <datafield tag="952" ind1=" " ind2=" ">
    <subfield code="0">0</subfield>
    <subfield code="1">0</subfield>
    <subfield code="2">ddc</subfield>
    <subfield code="5">1</subfield>
    <subfield code="7">0</subfield>
    <subfield code="8">PD</subfield>
    <subfield code="a">BNPHU</subfield>
    <subfield code="b">BNPHU</subfield>
    <subfield code="c">CT</subfield>
    <subfield code="d">2014-12-31</subfield>
    <subfield code="e">Donado Barbara Suncar</subfield>
    <subfield code="l">0</subfield>
    <subfield code="o">G216g</subfield>
    <subfield code="p">2023-5088</subfield>
    <subfield code="r">2023-07-31</subfield>
    <subfield code="w">2023-07-31</subfield>
    <subfield code="y">LBS1</subfield>
  </datafield>
  <datafield tag="952" ind1=" " ind2=" ">
    <subfield code="0">0</subfield>
    <subfield code="1">0</subfield>
    <subfield code="2">ddc</subfield>
    <subfield code="5">1</subfield>
    <subfield code="7">0</subfield>
    <subfield code="8">PD</subfield>
    <subfield code="a">BNPHU</subfield>
    <subfield code="b">BNPHU</subfield>
    <subfield code="c">CT</subfield>
    <subfield code="d">2014-12-31</subfield>
    <subfield code="e">Barbara Suncar</subfield>
    <subfield code="l">0</subfield>
    <subfield code="o">BNPHU PD G216g</subfield>
    <subfield code="p">2023-8183</subfield>
    <subfield code="r">2023-12-01</subfield>
    <subfield code="t">e. 2</subfield>
    <subfield code="w">2023-07-31</subfield>
    <subfield code="y">LBS1</subfield>
    <subfield code="z">Perteneci&#xF3; a la biblioteca personal de B&#xE1;rbara Suncar</subfield>
  </datafield>
  <datafield tag="999" ind1=" " ind2=" ">
    <subfield code="c">54272</subfield>
    <subfield code="d">54272</subfield>
  </datafield>
</record>
